000 00635nam a2200301Ia 4500
005 20260401122056.0
008 008 250103s9999 xx 000 0 eng d
020 _a999284960
037 _aTB
040 _aEDL
040 _beng
040 _cEDL
041 _2eng
041 _aeng
084 _a823 MAU
084 _qEDL
100 _aMaugham, W.Somerset
_91232523
245 0 _aOf Human Bondage
245 0 _cMaugham, W.Somerset
260 _aLondon
260 _bVintage
260 _c2000
300 _a700p
942 _cTB
942 _h823 MAU
999 _c1844747
_d1844747